| 000 | 00823nas a2200241Ia 4500 | ||
|---|---|---|---|
| 001 | A09/R122-49772 | ||
| 003 | IT-MiCISF | ||
| 005 | 20250829182610.0 | ||
| 008 | 161014c99999999xx |||||||||||| ||und|| | ||
| 040 |
_aIT-MiCISF _cIT-MiCISF |
||
| 041 | _ait | ||
| 100 |
_aDonati Pierpaolo, Colozzi Ivo (a cura di) _962547 |
||
| 245 | 0 | _aIl valore aggiunto delle relazioni sociali | |
| 250 | _a"Sociologia e politiche sociali", n. 1 | ||
| 260 | _c2011 | ||
| 300 | _app. 5-208 | ||
| 500 | _asocietà , rapporti-sociali, terzo-settore, associazionismo, capitale-sociale, famiglia, sociologia, reti-informali | ||
| 650 | _aSocietà | ||
| 654 | _adossier | ||
| 700 |
_aDi Nicola P., Stanzani S., Tronca L., Rossi G., Boccacin L., Bassi A., Solci R., Prandini R., Colozzi I. _962560 |
||
| 942 |
_cCR _2ddc |
||
| 999 |
_c224611 _d224611 |
||
| 999 | _bSi | ||